000 00795nam a2200265Ia 4500
003 OSt
005 20221005050646.0
006 a|||||r|||| 00| 0
007 ta
008 221004b |||||||| |||| 00| 0 urd d
020 _c5
024 _a8642
037 _cTextual
040 _aCRL
_cCRL
_burd
041 _2urd
_aurd
082 _aQ7wD583, 168K4
100 _aAbu Zaid Shibli Au.
_9594968
245 0 _aKhalid Saifullah
_bhazrat Khalid bin Waleed zindagi aur futuhat
260 _aLahore
_bMeri library Pakistan
_c1964
300 _a288p.
_ccm.
650 _aRELIGION
700 _a Panipati Shaikh Mohammad Ahmad Tr.
_9172049
942 _hQ7wD583, 168K4
_cTEXL
_2cc
999 _c957446
_d957446